| 000 | 00550nam a2200217Ia 4500 | ||
|---|---|---|---|
| 005 | 20250425161740.0 | ||
| 008 | 250425s9999 xx 000 0 und d | ||
| 020 | _a9682439353 | ||
| 041 | _aspa | ||
| 082 | _a631 | ||
| 100 | _aMEYER, MARCO R. | ||
| 245 | 0 | _aMANUALES PARA EDUCACION AGROPECUARIA: ELABORACION DE PRODUCTOS LACTEOS | |
| 250 | _a2A ED. | ||
| 260 | _aMEXICO | ||
| 260 |
_aMéxico _bTRILLAS _c1982 |
||
| 300 | _a122 | ||
| 500 | _aAREA: INDUSTRIAS RURALES 32 | ||
| 650 | _aINDUSTRIA LECHERA | ||
| 942 | _c01 | ||
| 010 | _a27434 | ||
| 999 |
_c215322 _d215322 |
||